LEADER 00730nam a22001817a 4500
082 |a 894.M3  |b MUH/M K8 
100 |a എന്‍ പി മുഹമ്മദ്;  |9 293079 
100 |a N P Mohamed  |9 293080 
240 |a Maram 
245 |a മരം 
250 |a 1st 
260 |a Kottayam;  |b Sahitya Pravarthaka Co-operative Society Ltd;  |c 1968 
300 |a 102p. 
650 |a മലയാളം; മലയാളം നോവല്‍  |9 293081 
650 |a Malayalam; Malayalam Novel; Litrerature; Malayalam Fiction; N P Muhammad  |9 293082 
942 |c BK 
999 |c 31442  |d 31442 
952 |0 0  |1 0  |4 0  |6 894_000000000000000_M3_MUH_M_K8  |7 0  |8 FIC  |9 34527  |a MAL  |b MAL  |d 2015-05-05  |e 35322  |g 6.00  |l 0  |o 894.M3 MUH/M K8  |p MAL035322  |r 2015-05-05  |t 1  |w 2015-05-05  |y BK